Score 0/20 Timer 04:00
1 Play Today
Question Answer Wrong Answers
Which holiday involves a countdown to midnight? New Year's Eve
89.8%
Day of the Dead
0.5%
Groundhog Day
1.9%
Birthday
0.7%
Which holiday honors veterans? Remembrance Day
88.4%
Groundhog Day
3%
Guy Fawkes Night
0.7%
Birthday
0.7%
Which holiday commemorates a 1776 event? US Independence Day
86.6%
Halloween
1.7%
Diwali
2.1%
Cinco de Mayo
2.4%
Which holiday occurs on the eve of All Saints' Day? Halloween
84.7%
Hanukkah
2.8%
Christmas
2.7%
Easter
2.6%
Which holiday is based on a movie? Star Wars Day
84.4%
Pi Day
5.8%
Father's Day
1.4%
St. Patrick's Day
1.4%
Which holiday celebrates a birthday? Christmas
84.3%
Hanukkah
1.1%
Kwanzaa
6%
Day of the Dead
1.6%
Which holiday celebrates a resurrection? Easter
82.3%
Halloween
2.3%
Diwali
5.5%
Kwanzaa
2.8%
Which holiday is a national holiday in Singapore? Diwali
82.2%
Kwanzaa
6.2%
Hanukkah
1.4%
Thanksgiving
2.9%
Which holiday is always on a Sunday? Mother's Day
82%
Thanksgiving
6.4%
Valentine's Day
1%
Cinco de Mayo
3.5%
Which holiday is celebrated in June (U.S.)? Father's Day
81.7%
New Year's Eve
3.6%
Kwanzaa
3.1%
Star Wars Day
4.7%
Which holiday is not celebrated in July? Groundhog Day
79.1%
Canada Day
7.6%
Bastille Day
3.4%
US Independence Day
2.8%
Which holiday is often associated with a winged, Roman god? Valentine's Day
76.7%
Kwanzaa
13.1%
Independence Day
0.9%
Star Wars Day
2.1%
Which holiday is not widely celebrated in one of the countries bordering the United States? Bastille Day
74.8%
Cinco de Mayo
6.1%
Day of the Dead
7%
Canada Day
4.8%
Which holiday did not originate in Europe? Kwanzaa
73.3%
St. Patrick's Day
3%
Guy Fawkes Night
15.2%
Bastille Day
1.5%
Which holiday commemorates a 5th century saint? St. Patrick's Day
70.9%
Diwali
7.8%
Christmas
9.5%
Halloween
4.4%
Which holiday is celebrated on a different day depending on the country? Thanksgiving
70%
Canada Day
5.2%
Day of the Dead
10.2%
Bastille Day
7.4%
Which holiday is observed on March 14th? Pi Day
69.9%
St. Patrick's Day
19.5%
Star Wars Day
1.9%
New Year's Eve
1.6%
Which holiday can never be on the 30th of a month? Cinco de Mayo
55.8%
Easter
17.5%
Hanukkah
14.9%
Birthday
4.6%
Which holiday was originally known as Dominion Day? Canada Day
52.2%
Guy Fawkes Night
25.2%
Pi Day
3%
Remembrance Day
12.1%
Which holiday commemorates the Maccabean Revolt? Hanukkah
52%
Day of the Dead
14.6%
Diwali
15.7%
Remembrance Day
10.6%
Remove Ads.
Support Sporcle.
Get the best of Sporcle when you Go Orange. This ad-free experience offers more features, more stats, and more fun while also helping to support Sporcle. Thank you for becoming a member.

You're not logged in!

Compare scores with friends on all Sporcle quizzes.
OR
Log In

Show Comments

Extras

Top Quizzes Today


Score Distribution

Your Account Isn't Verified!

In order to create a playlist on Sporcle, you need to verify the email address you used during registration. Go to your Sporcle Settings to finish the process.

Report this User

Report this user for behavior that violates our Community Guidelines.

Details: